00648nam a22001457a 450000500170000000800400001702000150005705000240007224502120009625000120030826000580032030000300037865000450040865000490045320250925125717.0250902b xr |||||||| |||| 00| 0 eng d a809022580204aNE735.C9 bL33 199900aLabyrint b : labyrinth: visions and interpretations of the eternal myth in contemporary printmaking : Czech Collection of the 2nd International triennial of graphic art, Prague 98 Travelling exhibition  a1a ed.  aPraga : bThe Inter kontakt Grafik Foundation, c1999 ap. v. : bil. ; c30 cm.  72lembaGrabados vCatalogos xLaberintos  72lembaGrabados vCatalgos zRepublica Checa